Maltrato infantil : orientaciones para actuar desde la escuela /

Guardado en:
Autor Principal: Averbuj, Gerardo
Otros Autores: Bozzalla, Lucía, Mirta, Marina, Tarantino, Gabriela, Zaratzky, Graciela
Formato: Libro
Publicado: Buenos Aires : Ministerio de Educación de la Nación, 2010
Materias:
Etiquetas: Agregar Etiqueta
Sin Etiquetas, Sea el primero en etiquetar este registro!
LEADER 00998nam a22002535a 4500
001 CEM.cems013688
005 20120612175154.0
008 130507s2010##################000#0#####d
003 CEMS
020 |a 9789500007771 
082 0 4 |a 371.5 
100 1 |a Averbuj, Gerardo 
245 1 0 |a Maltrato infantil :  |b orientaciones para actuar desde la escuela /  |c Gerardo Averbuj ...Y Otros; colaboradores, María Inés Bringiotti ... y Otros 
260 |a Buenos Aires :  |b Ministerio de Educación de la Nación,  |c 2010 
300 |a 80 p. 
505 0 |a El maltrato infantil -- La dificultad para creer -- Orientaciones para actuar -- Algunas preguntas y respuestas -- Organismos de protección -- Leyes nacionales y provinciales 
653 |a Educación 
653 |a Formación docente 
653 |a Violencia familiar 
700 1 |a Bozzalla, Lucía 
700 1 |a Mirta, Marina 
700 1 |a Tarantino, Gabriela 
700 1 |a Zaratzky, Graciela 
859 |a CEMS  |b BIB. CEMS - 11 de abril  |h 371.5  |i Av35  |p 26381.12  |t Ej.1